000 00441nam a2200169Ia 4500
005 20250507125810.0
008 008 250505s9999 xx 000 0 kor d
037 _aAudio
040 _aEASL
_beng
_cEASL
041 _akor
_2eng
084 _aCD00255-259
_qEASL
245 0 _aYihyojo ganun gutdul 1 = Korean documentary
490 _vV. 5
650 _aKorean
942 _cAUD
_hCD00255-259
999 _c1313242
_d1313242